| 000 | 00725cam a2200241u 4500 | ||
|---|---|---|---|
| 001 | 26076 | ||
| 003 | BD-RjUL | ||
| 005 | 20211209050952.0 | ||
| 008 | 140320s1933 nyu 000 0 eng | ||
| 035 | _a(BD-RjUL)26146 | ||
| 040 |
_aDLC _cCarP _dDLC _beng |
||
| 041 | _aeng | ||
| 082 |
_a945.092 _bBRP 1933 |
||
| 100 | 1 |
_aBrussaly, Manuel, _d1898-1976. _980132 |
|
| 245 | 1 | 4 |
_aThe political ideas of Stendhal / _cManuel Brussaly |
| 260 |
_aNew York : _c1933 _bRussel & russel, |
||
| 300 |
_a1 p.l., v-xiii, 233 p. ; _c21 cm. |
||
| 600 | 1 | 0 |
_aStendhal, _d1783-1842. _980135 |
| 650 | 0 |
_aPolitical science _xLiterary history. [from old catalog] _980134 |
|
| 942 |
_2ddc _cBK |
||
| 999 |
_c26076 _d26076 |
||